000 00434nam a2200109Ia 4500
008 220214s9999 xx 000 0 und d
245 0 _aIndia: Taking on climate change-Post-Copenhagen domestic actions: Report, June 30, 2010, Ministry of Enviornment and Forests, Government of India, New Delhi
260 _bReport
_c2010
300 _a7p
520 _aArticles bound received from Dr. James Jacob, Director(R), March 2010
942 _cRE
999 _c45407
_d45407